| 000 | 01105nam a22003131 4500 | ||
|---|---|---|---|
| 001 | 20532 | ||
| 003 | CZ PrNK | ||
| 005 | 20260124130749.0 | ||
| 007 | ta | ||
| 008 | 011201s1963 xr a 000 | slo | ||
| 015 | _acnb001095365 | ||
| 020 |
_q(Váz.) : _cKčs 19,00 |
||
| 040 |
_aABA001 _bcze _cABA001 _dABA001 |
||
| 041 | 1 |
_aslo _hfre |
|
| 044 |
_axr _axo |
||
| 100 | 1 |
_aDe Coster, Charles Théodore Henri, _d1827-1879 _4aut |
|
| 240 | 1 | 0 |
_aLégende d'Ulenspiegel. _lSlovensky |
| 245 | 1 | 0 |
_aLegenda o Ulenspieglovi / _cCharles de Coster ; [z franc. orig. ... prel. Miroslava Bártová ; verše prebásnil Viliam Turčány ; il. Vincent Hložník] |
| 250 | _aV Smene 1. vyd. | ||
| 260 |
_aBratislava : _bSmena ; _a[Praha] : _bMladá fronta : _bNaše vojsko, _c1963 |
||
| 300 |
_a550 s. : _bil. ; _c21 cm |
||
| 490 | 1 |
_aMáj : knižnica československej mládeže ; _vzv. 29 |
|
| 700 | 1 |
_aBártová, Miroslava, _d1917-2002 _4trl |
|
| 700 | 1 |
_aTurčány, Viliam, _d1928-2021 _4com |
|
| 700 | 1 |
_aHložník, Vincent, _d1919-1997 _4ill |
|
| 830 | 0 | _aMáj (Smena) | |
| 910 | _aABA001 | ||
| 942 |
_2ddc _cKLDO _n0 |
||
| 999 |
_c20532 _d20532 |
||